000 00428nam a22001577a 4500
005 20231107140330.0
008 231107b |||||||| |||| 00| 0 eng d
041 _aAfrikaans / English
082 _a346.43 CON
100 _lEnglish / Afrikaans
245 _aTransportbesorgingeksamen :
260 _c2009
300 _b574 pages ;
_c31 cm.
650 _aLegal practice
_bLaw
942 _cBK
_6ALISON_BN_VRIES
999 _c386
_d386